| 000 | 00901cam a22002773a 4500 | ||
|---|---|---|---|
| 001 | 9880 | ||
| 003 | PGUSA | ||
| 005 | 20140828083217.0 | ||
| 008 | 060201s2006||||xxu|||||s|||||000 | eng d | ||
| 040 |
_aPGUSA _beng |
||
| 042 | _adc | ||
| 050 | 4 | _aBS | |
| 050 | 4 | _aHQ | |
| 100 | 1 |
_aStanton, Elizabeth Cady, _d1815-1902 |
|
| 245 | 1 | 4 |
_aThe Woman's Bible _h[electronic resource] / _cElizabeth Cady Stanton |
| 260 |
_bProject Gutenberg, _c2006 |
||
| 505 | 0 | _aPart I. Comments on Genesis, Exodus, Leviticus, Numbers and Deuteronomy. Part II. Comments on the Old and New Testaments from Joshua to Revelation. | |
| 506 | _aPublic domain in the USA. | ||
| 516 | _aElectronic text | ||
| 653 | _aBible -- Commentaries | ||
| 653 | _aWomen in the Bible | ||
| 653 | _aBible -- Feminist criticism | ||
| 830 | 0 |
_aProject Gutenberg _v9880 |
|
| 856 | 4 | 0 | _uhttp://www.gutenberg.org/ebooks/9880 |
| 942 | _cEB | ||
| 999 |
_c239136 _d239136 |
||